| 000 | 00891nam a2200193 a 4500 | ||
|---|---|---|---|
| 008 | 120416s2005 ||||||||||||||||| || u | ||
| 020 | _a0821361813 | ||
| 050 | _aHC 59.7 Ana | ||
| 100 | _aPaternostro, Stefano | ||
| 245 | 1 | 0 |
_aAnalyzing the distributional impact of reforms: a practitioner's guide to trade, monetary and exchange rate policy, utility provision, agricultural markets, land policy, and education _cedited by Aline Coudouel; Stefano Paternostro |
| 260 |
_aWashington, D. C.: _bWorld Bank _c2005 |
||
| 300 | _a294p. : ill. | ||
| 350 | _a0.00 | ||
| 500 | _aAccompanied by a CD (same title) | ||
| 650 | _aDEVELOPING COUNTRIES--ECONOMIC POLICY | ||
| 650 | _aPOVERTY--DEVELOPING COUNTRIES | ||
| 700 | _aCoudouel, Aline | ||
| 995 |
_D0.00 _FCBU-MAIN LIBRARY (Kitwe) _H1 _I0.00 _M1 _UAVAILABLE _ZMain Library Open Access Collection |
||
| 999 |
_c34381 _d34381 |
||